Eléments chimique grâce aux acronymes #4 - Statistiques

Statistiques générales
  • Ce quiz a été pris 38 fois
  • Le résultat moyen est 15 sur 30
Statistiques - réponses
Acronymes Réponses % Correct
O Oxygène
100%
K Potassium
91%
U Uranium
91%
Cu Cuivre
88%
Li Lithium
88%
Ag Argent
84%
S Soufre
84%
Pb Plomb
78%
Kr Krypton
75%
Ni Nickel
72%
B Bore
69%
Ra Radium
69%
Ba Baryum
56%
Se Sélénium
50%
Y Yttrium
47%
Mo Molybdène
44%
Yb Ytterbium
34%
At Astate
31%
Lr Lawrencium
28%
Pr Praséodyme
28%
Pm Prométhium
28%
Bh Bohrium
25%
Cn Copernicium
25%
Es Einsteinium
25%
Mt Meitnérium
25%
Rf Rutherfordium
25%
Md Mendélévium
22%
Md Mendélévium
22%
Mc Moscovium
22%
Re Rhénium
22%
Aucun quiz correspondant
Distribution des résultats
% des personnes avec chaque résultat
Percentile par nombre de réponses
Votre historique - résultats
Vous n’avez pas pris ce quiz